000 00453nam a22001817a 4500
003 MPLRDC
005 20220104114406.0
008 210129b ||||| |||| 00| 0 eng d
082 _a830.8 SBSX v.46
100 _a海伦. 汤玛丝
245 _a白宫烟云
_c黄秀清译
250 _a初版
260 _a台湾
_b时报文化出版事业有限
_c1976
300 _b243
490 _a时报书系. 46
650 _a
942 _cBK
_o830.8 SBSX v.46
999 _c7114
_d7104